Ballon d'Or - classement 2017 - Statistiques

Statistiques générales
  • Ce quiz a été pris 179 fois
  • Le résultat moyen est 26 sur 30
Statistiques - réponses
Poste Club Nationalité Rang Réponse % Correct
Attaquant Real Madrid Portugal 1 Cristiano Ronaldo
99%
Attaquant FC Barcelone Argentine 2 Lionel Messi
99%
Milieu Real Madrid Croatie 5 Luka Modrić
99%
Attaquant Paris Saint-Germain Brésil 3 Neymar
99%
Gardien Juventus Italie 4 Gianluigi Buffon
97%
Milieu Manchester City Belgique 14 Kevin De Bruyne
97%
Attaquant Paris Saint-Germain France 7 Kylian Mbappé
97%
Défenseur Real Madrid Espagne 6 Sergio Ramos
97%
Attaquant Paris Saint-Germain Uruguay 11 Edinson Cavani
95%
Attaquant Tottenham Angleterre 10 Harry Kane
95%
Milieu Chelsea France 8 N'Golo Kanté
95%
Attaquant Bayern Munich Pologne 9 Robert Lewandowski
95%
Milieu Real Madrid Allemagne 17 Toni Kroos
94%
Attaquant Atlético Madrid France 18 Antoine Griezmann
93%
Attaquant FC Barcelone Uruguay 13 Luis Suárez
93%
Attaquant Real Madrid France 25 Karim Benzema
92%
Attaquant Liverpool Sénégal 23 Sadio Mané
91%
Défenseur Real Madrid Brésil 16 Marcelo
89%
Gardien Manchester United Espagne 20 David de Gea
88%
Milieu Chelsea Belgique 19 Eden Hazard
85%
Gardien Atlético Madrid Slovénie 26 Jan Oblak
85%
Attaquant Borussia Dortmund Gabon 21 Pierre-Emerick Aubameyang
85%
Attaquant Juventus Argentine 15 Paulo Dybala
83%
Attaquant AS Monaco Colombie 24 Radamel Falcao
83%
Milieu Real Madrid Espagne 12 Isco
71%
Attaquant AS Rome Bosnie 28 Edin Džeko
70%
Attaquant Naples Belgique 30 Dries Mertens
64%
Milieu Liverpool Brésil 29 Philippe Coutinho
55%
Défenseur Milan AC Italie 22 Leonardo Bonucci
48%
Défenseur Bayern Munich Allemagne 27 Mats Hummels
43%
Aucun quiz correspondant
Distribution des résultats
% des personnes avec chaque résultat
Percentile par nombre de réponses
Votre historique - résultats
Vous n’avez pas pris ce quiz